| 000 | 00741nam a2200181Ia 4500 | ||
|---|---|---|---|
| 008 | 100921s9999 xx 000 0 und d | ||
| 082 |
_b35248 _a891.463 न 01 |
||
| 100 | _aतेंडुलकर प्र्रिया. | ||
| 245 | _aजन्मलेल्या प्रत्येकाला. | ||
| 260 |
_bराजहंस प्रकाशन, पुणे. _c2001 |
||
| 300 |
_a111 _bमयुरेष बुक एजन्सी,कराड |
||
| 365 | _b75 | ||
| 520 | _aललित-कथा. | ||
| 630 | _aजन्मलेल्या प्रत्येकाला. | ||
| 650 | _aललित-कथा. | ||
| 730 | _aजन्मलेल्या प्रत्येकाला. | ||
| 942 | _cBOOK | ||
| 999 |
_c784361 _d784358 |
||